000 00319nam a2200133Ia 4500
008 150201s2010 xx 000 0 und d
082 _a612
_bH10M
100 _aMUTHAYAA,NM
245 _aHUMAN PHYSIOLOGY
250 _a4TH
260 _bJAYPEE BROTHERS
_aDELHI
_c2010
650 _aHUMAN PHYSIOLOGY
942 _2ddc
_cBK
_020
999 _c1000
_d1000